Interleukin-2 production by human leukemia cell lines of pre-B cell origin

Bibliographic Details
Main Authors: Minowada, J. (Author), Holáň, V. (Author)
Format: Article
Language:English

MARC

LEADER 00000nab a2200000ua 4500
001 vtls010831485
003 SK-MaSNL
005 20260303144556.0
008 230222s1993 xo |||||||||||||||||eng|
035 |a (urnnbn)urn:nbn:sk:snk:ar-a06jav 
035 |a urn:nbn:sk:snk-ab5wd0 
035 |a (uuid)a67b71b8-1eae-46f7-8543-5c2e244721bd 
040 |a SNKBUCL  |b slo  |c SNKBUCL  |e AACR2 
041 0 |a eng 
044 |a xo  |c SK 
100 1 |a Minowada, J.  |4 aut  |9 1165792 
245 1 0 |a Interleukin-2 production by human leukemia cell lines of pre-B cell origin  |c J. Minowada, V. Holáň 
700 1 |a Holáň, V.  |4 aut  |9 1160340 
773 0 |t Neoplasma : journal of experimental and clinical oncology  |g Roč. 40, č. 1 (1993), s. 3-8 
958 |a OND 
958 |a EUIPO 
958 |a article5 
999 |c 1997939  |d 1999869